[Event "PRO League Group Stage"]
[Site "chess.com INT"]
[Date "2019.02.27"]
[Round "8"]
[White "Chirila, Ioan-Cristian"]
[Black "Khachiyan, Melikset"]
[Result "1/2-1/2"]
[WhiteTitle "GM"]
[BlackTitle "GM"]
[WhiteElo "2566"]
[BlackElo "2509"]
[WhiteTeam "San Jose Hackers"]
[BlackTeam "San Diego Surfers"]
[WhiteFideId "1211668"]
[BlackFideId "13300512"]
[EventDate "2019.01.08"]

1. Nf3 d5 2. g3 Nf6 3. Bg2 g6 4. c4 c6 5. O-O Bg7 6. cxd5 cxd5 7. d4 O-O 8. Nc3
Ne4 9. Qb3 Nxc3 10. bxc3 Nc6 11. Bf4 Na5 12. Qb4 b6 13. Ne5 Ba6 14. Rfe1 Rc8 15.
e4 dxe4 16. Bxe4 e6 17. Rad1 Bb7 18. Bxb7 Nxb7 19. c4 f6 20. Nf3 Re8 21. d5 e5
22. Be3 Bf8 23. Qa4 Nd6 24. Rc1 Re7 25. c5 bxc5 26. Rxc5 Rxc5 27. Bxc5 Rc7 28.
Bb4 Qd7 29. Qxd7 Rxd7 30. Rc1 Kf7 31. Nd2 Bh6 32. Bxd6 Bxd2 33. Rc6 Ba5 34. Kf1
Bd8 35. Ke2 Be7 36. Bxe7 Kxe7 37. Re6+ Kf7 38. Ra6 h5 39. h4 Rxd5 40. Rxa7+ Ke6
41. a4 Rd4 42. Ra8 Kf5 43. Ke3 g5 44. hxg5 fxg5 45. f3 h4 46. gxh4 gxh4 47. a5
Ra4 48. a6 Kg6 49. a7 Kg7 50. Kf2 Ra2+ 51. Kg1 h3 1/2-1/2

[Event "PRO League Group Stage"]
[Site "chess.com INT"]
[Date "2019.02.27"]
[Round "8"]
[White "Bryant, John Daniel"]
[Black "Izoria, Zviad"]
[Result "1/2-1/2"]
[WhiteTitle "IM"]
[BlackTitle "GM"]
[WhiteElo "2449"]
[BlackElo "2603"]
[WhiteTeam "San Diego Surfers"]
[BlackTeam "San Jose Hackers"]
[WhiteFideId "2031280"]
[BlackFideId "13601733"]
[EventDate "2019.01.08"]

1. e4 c5 2. c3 e6 3. Nf3 d5 4. exd5 exd5 5. Bb5+ Bd7 6. Bxd7+ Qxd7 7. d4 cxd4 8.
Nxd4 Bc5 9. O-O Ne7 10. Be3 Bb6 11. Nd2 O-O 12. N2f3 Nbc6 13. Re1 Rfe8 14. Qc2
Rac8 15. Rad1 h6 16. h3 Na5 17. Ne5 Qc7 18. Nb5 Qd8 19. Bxb6 Qxb6 20. a4 a6 21.
Nd4 Nac6 22. Ndxc6 Nxc6 23. Nxc6 bxc6 24. b4 c5 25. Rxe8+ Rxe8 26. bxc5 Qxc5 27.
Qd3 Re6 28. Qd4 Qxd4 29. Rxd4 Re1+ 30. Kh2 Ra1 1/2-1/2

[Event "PRO League Group Stage"]
[Site "chess.com INT"]
[Date "2019.02.27"]
[Round "8"]
[White "Hilby, Craig"]
[Black "Mamedyarov, Shakhriyar"]
[Result "0-1"]
[WhiteTitle "IM"]
[BlackTitle "GM"]
[WhiteElo "2445"]
[BlackElo "2817"]
[WhiteTeam "San Diego Surfers"]
[BlackTeam "San Jose Hackers"]
[WhiteFideId "2062674"]
[BlackFideId "13401319"]
[EventDate "2019.01.08"]

1. d4 Nf6 2. c4 b6 3. Nf3 Bb7 4. g3 g6 5. Nc3 Bg7 6. d5 O-O 7. Bg2 e6 8. O-O
exd5 9. cxd5 Na6 10. e4 Re8 11. Re1 Nc5 12. Nd4 Nxd5 13. Nxd5 Bxd5 14. Nf5 gxf5
15. exd5 Rxe1+ 16. Qxe1 Qe8 17. Qd1 d6 18. Rb1 a5 19. Be3 Qa4 20. Qh5 Qxa2 21.
Qxf5 Re8 22. h4 h6 23. b4 Re5 24. Qc8+ Kh7 25. Rf1 axb4 26. Bd4 Qc2 27. Bxe5
Bxe5 28. Bh3 Kg7 29. Qg4+ Qg6 30. Qxb4 f5 31. Qa3 f4 32. g4 Bd4 33. Re1 Qc2 34.
Qf3 Nd3 35. Re2 Qc1+ 36. Kh2 Ne5 37. Qe4 Qd1 38. g5 hxg5 39. hxg5 Be3 40. Rxe3
fxe3 41. Qf5 Qf3 42. fxe3 Qxf5 43. Bxf5 Nf3+ 44. Kg3 Nxg5 45. Kf4 Kf6 46. Bd7
Nf7 47. Bb5 Ne5 48. Ke4 Kg5 49. Be8 Ng4 50. Bb5 Nf6+ 51. Kd4 Kg4 52. Be2+ Kg3
53. Kc4 Kf2 54. Bd1 Kxe3 55. Kb5 Nxd5 56. Kc6 Kd4 57. Bf3 Nc3 58. Kxc7 Kc5 59.
Bc6 b5 60. Bxb5 Nxb5+ 0-1

[Event "PRO League Group Stage"]
[Site "chess.com INT"]
[Date "2019.02.27"]
[Round "8"]
[White "Corrales Jimenez, Fidel"]
[Black "Orlov, Georgi"]
[Result "1-0"]
[WhiteTitle "GM"]
[BlackTitle "IM"]
[WhiteElo "2559"]
[BlackElo "2466"]
[WhiteTeam "Minnesota Blizzard"]
[BlackTeam "Seattle Sluggers"]
[WhiteFideId "3506690"]
[BlackFideId "2011271"]
[EventDate "2019.01.08"]

1. e4 e5 2. Nf3 Nc6 3. Bb5 a6 4. Ba4 Nf6 5. O-O Nxe4 6. d4 b5 7. Bb3 d5 8. dxe5
Be6 9. Nbd2 Be7 10. c3 O-O 11. Bc2 Nc5 12. Nb3 Nxb3 13. axb3 Bg4 14. Re1 Qd7 15.
Qd3 g6 16. Bh6 Rfe8 17. Nd4 Bc5 18. Nxc6 Qxc6 19. b4 Be7 20. Qg3 Qd7 21. Qf4 Be6
22. h4 Bf8 23. Bg5 Bg7 24. Bf6 h5 25. Re3 Bxf6 26. exf6 Kh7 27. Rae1 Bg4 28. Re7 1-0

[Event "PRO League Group Stage"]
[Site "chess.com INT"]
[Date "2019.02.27"]
[Round "8"]
[White "Tang, Andrew"]
[Black "Bashkansky, Naomi"]
[Result "1-0"]
[WhiteTitle "GM"]
[BlackTitle "WIM"]
[WhiteElo "2487"]
[BlackElo "1994"]
[WhiteTeam "Minnesota Blizzard"]
[BlackTeam "Seattle Sluggers"]
[WhiteFideId "2059630"]
[BlackFideId "2072289"]
[EventDate "2019.01.08"]

1. d4 d5 2. Bf4 c5 3. e3 Nc6 4. Nf3 cxd4 5. exd4 Bg4 6. c3 e6 7. Nbd2 Bd6 8.
Bxd6 Qxd6 9. Be2 Nge7 10. O-O O-O 11. h3 Bh5 12. Ne5 Bxe2 13. Qxe2 f6 14. Ng4
Rae8 15. Rad1 Ng6 16. Nf3 Nf4 17. Qc2 e5 18. dxe5 fxe5 19. Ne3 Nxh3+ 20. gxh3
Rxf3 21. Rxd5 Qh6 22. Qe4 Ref8 23. Rd7 Rxh3 24. Rxb7 Qg5+ 25. Qg2 Qxg2+ 26. Kxg2
Rhf3 27. Rc7 R3f6 28. f3 Rg6+ 29. Kf2 Rd8 30. Nf5 Kf8 31. Ke3 h6 32. Nxg7 Rxg7
33. Rxc6 Rh7 34. Rg1 h5 35. Rf6+ Ke7 36. Rf5 Ke6 37. Rgg5 h4 38. Rxe5+ Kf6 39.
Ref5+ Ke6 40. Rh5 Rdh8 41. Re5+ Kf6 42. Rhf5+ Kg6 43. Kf2 h3 44. Rg5+ Kf6 45.
Kg1 h2+ 46. Kh1 Rd8 47. Rgf5+ Kg7 48. Re7+ Kh8 49. Rxh7+ Kxh7 50. Rh5+ Kg6 51.
Rxh2 Rd1+ 52. Kg2 Rd2+ 53. Kg3 Rd5 54. Re2 Rg5+ 55. Kf2 Kf5 56. Re7 a6 57. Ra7
Rg6 58. b4 Kf4 59. Rc7 Rd6 60. Rc4+ Kf5 61. Ke3 Ke5 62. a4 Kf5 63. b5 axb5 64.
axb5 Rb6 65. Rc5+ Ke6 66. Rc6+ Rxc6 67. bxc6 Kd6 68. Kd4 Kxc6 69. Ke5 Kd7 70. f4
Ke8 71. c4 Kd8 72. c5 Ke8 73. Ke6 Kd8 74. Kf7 1-0

[Event "PRO League Group Stage"]
[Site "chess.com INT"]
[Date "2019.02.27"]
[Round "8"]
[White "Petrosian, Tigran L."]
[Black "Georgiev, Vladimir"]
[Result "1-0"]
[WhiteTitle "GM"]
[BlackTitle "GM"]
[WhiteElo "2598"]
[BlackElo "2483"]
[WhiteTeam "Seattle Sluggers"]
[BlackTeam "Minnesota Blizzard"]
[WhiteFideId "13301616"]
[BlackFideId "2903024"]
[EventDate "2019.01.08"]

1. Nf3 c5 2. g3 Nc6 3. c4 g6 4. Nc3 Bg7 5. Bg2 d6 6. O-O Bf5 7. a3 Qd7 8. b4 Rc8
9. Qa4 b6 10. Bb2 Nd4 11. Qxd7+ Kxd7 12. Nxd4 Bxd4 13. d3 h5 14. h3 g5 15. Rfb1
Nf6 16. Nb5 Bxb2 17. Rxb2 a6 18. Nc3 Kc7 19. bxc5 dxc5 20. a4 Rb8 21. a5 bxa5
22. Rba2 Rb3 23. Rxa5 Bc8 24. Rxc5+ Kd6 25. Rc6+ Kd7 26. Na4 Kd8 27. Rb6 Rxb6
28. Nxb6 Kc7 29. Nxc8 Rxc8 30. Rxa6 Rb8 31. Ra7+ Kd6 32. Rb7 Rxb7 33. Bxb7 e5
34. h4 gxh4 35. gxh4 Ne8 36. Bd5 f6 37. Bf7 Ng7 38. e4 f5 39. f3 fxe4 40. fxe4
Ke7 41. Bg6 Ne6 42. Bxh5 Nf4 43. Bg4 Nxd3 44. Bf5 Kf6 45. Kg2 Ne1+ 46. Kg3 Nd3
47. Kg4 Nf2+ 48. Kh5 Nd3 49. Kg4 Nf2+ 50. Kg3 Nd3 51. Kf3 Nc5 52. Kg4 Nd3 53. h5
Nf2+ 54. Kf3 Nd3 55. h6 Nc5 56. Ke3 Kf7 57. Kd2 Kf6 58. Kc3 Na6 59. Kb3 Nc7 60.
Kb4 Na6+ 61. Kb5 Nc7+ 62. Kb6 Ne8 63. c5 1-0

[Event "PRO League Group Stage"]
[Site "chess.com INT"]
[Date "2019.02.27"]
[Round "8"]
[White "Mikhalevski, Victor"]
[Black "Beerdsen, Thomas"]
[Result "0-1"]
[WhiteTitle "GM"]
[BlackTitle "IM"]
[WhiteElo "2581"]
[BlackElo "2484"]
[WhiteTeam "Seattle Sluggers"]
[BlackTeam "Minnesota Blizzard"]
[WhiteFideId "2801914"]
[BlackFideId "1030108"]
[EventDate "2019.01.08"]

1. Nf3 Nf6 2. c4 e6 3. g3 b6 4. Bg2 Bb7 5. O-O Be7 6. d4 O-O 7. d5 exd5 8. Nh4
c6 9. cxd5 Nxd5 10. Nf5 Re8 11. e4 Nc7 12. Qg4 Bf6 13. f4 d6 14. Rd1 Bc8 15. e5
Bxf5 16. Qxf5 Be7 17. exd6 Bxd6 18. Nc3 Bc5+ 19. Kf1 Qe7 20. Bd2 Ne6 21. Re1 Qb7
22. Qe4 Qa6+ 23. Qe2 Nd4 24. Qxa6 Nxa6 25. a3 Bf8 26. Rad1 Rad8 27. Rxe8 Rxe8
28. Ne4 c5 29. Bc3 Nf5 30. Kf2 Nb8 31. g4 Nd4 32. Bxd4 cxd4 33. Rxd4 Rc8 34. Rd2
Be7 35. g5 a5 36. Bh3 Rd8 37. Rc2 Na6 38. Re2 Nc5 39. Nc3 Bd6 40. Kf3 h6 41.
gxh6 gxh6 42. Nd5 Rb8 43. Bf5 b5 44. Nf6+ Kh8 45. Nd5 b4 46. axb4 axb4 47. Rd2
Bf8 48. Ne3 Bg7 49. Nc4 Nb3 50. Rd5 Nd4+ 51. Kg4 Rg8 52. Bd3 Bf6+ 53. Kh5 Ne6
54. Rf5 Ng7+ 55. Kxh6 Nxf5+ 56. Bxf5 Rg2 57. h3 Bxb2 58. Be4 Rg3 59. h4 Bc1 60.
Kh5 Bxf4 61. Bd5 Kg7 62. Na5 Rd3 63. Bc4 Rd4 64. Bb3 Bg3 65. Kg5 Bxh4+ 66. Kf5
Bd8 67. Nc6 Rd6 68. Ne5 f6 69. Nf3 Rd3 0-1

[Event "PRO League Group Stage"]
[Site "chess.com INT"]
[Date "2019.02.27"]
[Round "8"]
[White "Song, Raymond"]
[Black "Xu, Xiangyu"]
[Result "1/2-1/2"]
[WhiteTitle "FM"]
[BlackTitle "GM"]
[WhiteElo "2329"]
[BlackElo "2567"]
[WhiteTeam "Australia Kangaroos"]
[BlackTeam "Chengdu Pandas"]
[WhiteFideId "3203824"]
[BlackFideId "8608288"]
[EventDate "2019.01.08"]

1. e4 e5 2. Nf3 Nf6 3. Nxe5 d6 4. Nf3 Nxe4 5. Nc3 Nf6 6. d4 Be7 7. Bd3 O-O 8. h3
b6 9. O-O Bb7 10. Re1 Re8 11. Bg5 Nbd7 12. Re3 h6 13. Bh4 Nh5 14. Bxe7 Rxe7 15.
Be4 Bxe4 16. Rxe4 Rxe4 17. Nxe4 Qe7 18. Nc3 Re8 19. Qd2 Nhf6 20. Re1 Qd8 21.
Rxe8+ Qxe8 22. Nb5 c6 23. Nxd6 Qe6 24. Qf4 Qxa2 25. Ne5 Nxe5 26. dxe5 Nd7 27.
Qf5 Qe6 28. Qxe6 fxe6 29. f4 a5 30. Kf2 Kf8 31. Ke3 Ke7 32. Kd4 h5 33. g4 hxg4
34. hxg4 g6 35. Ke4 Nc5+ 36. Kd4 Nd7 37. Ke4 Nc5+ 38. Kd4 Nd7 39. Ne4 Kd8 40.
Ng5 Ke7 41. Ne4 Kd8 42. Kc4 Ke7 43. Nd6 g5 44. Kd4 gxf4 45. Nc4 f3 46. Ke3 a4
47. Kxf3 b5 48. Na5 Nxe5+ 49. Ke4 Kd6 50. Nb7+ Kc7 51. Kxe5 Kxb7 52. g5 b4 53.
Kd4 e5+ 54. Kc4 e4 55. g6 a3 56. bxa3 bxa3 57. Kb3 e3 58. g7 e2 59. g8=Q e1=Q
60. Kxa3 Qc1+ 61. Kb3 Qb1+ 62. Kc3 Qe1+ 63. Kb2 Qe5+ 64. Kb3 Qb5+ 65. Kc3 Qa5+
66. Kb3 Qb5+ 67. Kc3 Qa5+ 68. Kb3 Qb5+ 69. Kc3 1/2-1/2

[Event "PRO League Group Stage"]
[Site "chess.com INT"]
[Date "2019.02.27"]
[Round "8"]
[White "Illingworth, Max"]
[Black "Bai, Jinshi"]
[Result "1/2-1/2"]
[WhiteTitle "GM"]
[BlackTitle "GM"]
[WhiteElo "2501"]
[BlackElo "2572"]
[WhiteTeam "Australia Kangaroos"]
[BlackTeam "Chengdu Pandas"]
[WhiteFideId "3205207"]
[BlackFideId "8602280"]
[EventDate "2019.01.08"]

1. e4 e5 2. Nf3 Nf6 3. Nc3 Nc6 4. d4 exd4 5. Nxd4 Bb4 6. Nxc6 bxc6 7. Bd3 d5 8.
exd5 O-O 9. O-O Bg4 10. f3 Bh5 11. dxc6 Qd4+ 12. Kh1 Bxc3 13. bxc3 Qxc3 14. Bg5
Qxc6 15. Re1 1/2-1/2

[Event "PRO League Group Stage"]
[Site "chess.com INT"]
[Date "2019.02.27"]
[Round "8"]
[White "Bao, Qilin"]
[Black "Smirnov, Anton"]
[Result "0-1"]
[WhiteTitle "IM"]
[BlackTitle "GM"]
[WhiteElo "2412"]
[BlackElo "2569"]
[WhiteTeam "Chengdu Pandas"]
[BlackTeam "Australia Kangaroos"]
[WhiteFideId "8605750"]
[BlackFideId "3208923"]
[EventDate "2019.01.08"]

1. d4 d5 2. Bf4 Nf6 3. e3 e6 4. Nd2 c5 5. c3 Nc6 6. Bd3 Bd6 7. Bxd6 Qxd6 8. Ngf3
O-O 9. O-O Rd8 10. Re1 e5 11. dxe5 Nxe5 12. Nxe5 Qxe5 13. Qa4 Be6 14. Nf3 Qh5
15. Rad1 a6 16. Qf4 Bg4 17. h3 Bxf3 18. Qxf3 Qxf3 19. gxf3 Kf8 20. Bf1 Rd7 21.
Rd2 Rad8 22. Red1 Ke7 23. Bg2 g5 24. Kh2 h6 25. Kg3 Nh5+ 26. Kg4 Nf6+ 27. Kg3 d4
28. cxd4 cxd4 29. Rxd4 Nh5+ 30. Kg4 Rxd4+ 31. Rxd4 Rxd4+ 32. exd4 Nf4 33. Bf1
Kf6 34. Bc4 h5+ 35. Kg3 h4+ 36. Kh2 a5 37. a3 Ke7 38. b4 axb4 39. axb4 f6 40. b5
Kd6 41. Bf1 Kd5 42. Kg1 Kxd4 43. Kh2 b6 44. Kg1 Kc3 45. Kh2 Kd2 46. Kh1 Ke1 47.
Kg1 Ne2+ 48. Kg2 f5 49. f4 Nxf4+ 0-1

[Event "PRO League Group Stage"]
[Site "chess.com INT"]
[Date "2019.02.27"]
[Round "8"]
[White "Bhat, Vinay"]
[Black "Xiong, Jeffery"]
[Result "0-1"]
[WhiteTitle "GM"]
[BlackTitle "GM"]
[WhiteElo "2519"]
[BlackElo "2672"]
[WhiteTeam "San Francisco Mechanics"]
[BlackTeam "Dallas Destiny"]
[WhiteFideId "2011352"]
[BlackFideId "2047640"]
[EventDate "2019.01.08"]

1. d4 Nf6 2. c4 g6 3. Nc3 d5 4. Bg5 Ne4 5. Bh4 Nxc3 6. bxc3 dxc4 7. e3 Be6 8.
Qb1 c5 9. Qxb7 Nd7 10. Nf3 Bh6 11. Qa6 cxd4 12. Nxd4 Bd5 13. Qb5 Be4 14. Bxc4
Qc8 15. O-O Rb8 16. Qa6 O-O 17. Bxe7 Bb7 18. Qd6 Qxc4 19. Qxd7 Rfe8 20. Rab1 Ba6
21. Rfc1 Qxa2 22. Ra1 Qc4 23. Qxa7 Bb7 24. Qc5 Qd3 25. Bd6 Rbc8 26. Qb5 Qe4 27.
Qf1 Bd5 28. Bg3 Bc4 29. Qd1 Bg7 30. Qc2 Qe7 31. Re1 h5 32. h3 Bd5 33. Qd2 h4 34.
Bf4 g5 35. Bh2 Qe4 36. f3 Qg6 37. e4 Bc4 38. e5 Bf8 39. Re3 Bc5 40. Rae1 Ra8 41.
f4 Ra2 42. Qxa2 Bxa2 43. f5 Qb6 44. Re4 Bd5 45. Rg4 f6 46. e6 Qb2 0-1

[Event "PRO League Group Stage"]
[Site "chess.com INT"]
[Date "2019.02.27"]
[Round "8"]
[White "Naroditsky, Daniel"]
[Black "Holt, Conrad"]
[Result "1-0"]
[WhiteTitle "GM"]
[BlackTitle "GM"]
[WhiteElo "2616"]
[BlackElo "2548"]
[WhiteTeam "San Francisco Mechanics"]
[BlackTeam "Dallas Destiny"]
[WhiteFideId "2026961"]
[BlackFideId "2034387"]
[EventDate "2019.01.08"]

1. b3 d5 2. Bb2 Bf5 3. e3 Nd7 4. g4 Bg6 5. h4 h6 6. Bg2 e6 7. d3 Ngf6 8. Nd2 Bc5
9. Nh3 Qe7 10. a3 O-O-O 11. Qe2 Bh7 12. g5 hxg5 13. hxg5 Ne8 14. b4 Bd6 15. f4
Bf5 16. Nf2 Rxh1+ 17. Bxh1 c5 18. bxc5 Nxc5 19. Bd4 Qc7 20. c4 dxc4 21. Nxc4 Nb3
22. Bxa7 Bc5 23. Rb1 b5 24. Bb6 Bxb6 25. Nxb6+ Qxb6 26. Rxb3 Nc7 27. d4 Rh8 28.
Kf1 e5 29. dxe5 Rxh1+ 30. Nxh1 Qc6 31. Kg1 Qc1+ 32. Kh2 Be4 33. Ng3 Bd5 34. Rd3
Bc4 35. Qd2 Qb1 36. Rd8+ Kb7 37. Qg2+ Ka7 38. Rc8 Nd5 39. Rxc4 Qh7+ 40. Kg1 Qb1+
41. Nf1 bxc4 42. Qxd5 Qc1 43. Qxf7+ Kb6 44. Qe6+ Kb7 45. Qd7+ Kb8 46. Qb5+ Ka7
47. e6 c3 48. e7 c2 49. e8=Q 1-0

[Event "PRO League Group Stage"]
[Site "chess.com INT"]
[Date "2019.02.27"]
[Round "8"]
[White "Wheeler, Cameron"]
[Black "Hong, Andrew"]
[Result "1-0"]
[WhiteTitle "IM"]
[BlackTitle "FM"]
[WhiteElo "2417"]
[BlackElo "2390"]
[WhiteTeam "Dallas Destiny"]
[BlackTeam "San Francisco Mechanics"]
[WhiteFideId "2060531"]
[BlackFideId "2099438"]
[EventDate "2019.01.08"]

1. d4 d5 2. c4 e6 3. Nf3 Nf6 4. g3 dxc4 5. Bg2 Bb4+ 6. Nc3 O-O 7. O-O Nc6 8. Qa4
Bd7 9. Qc2 Rb8 10. e4 h6 11. Be3 b5 12. a3 Be7 13. d5 exd5 14. exd5 Na5 15. Bxa7
Ra8 16. Be3 Nb3 17. Rad1 Bd6 18. Nd4 Nxd4 19. Bxd4 Re8 20. Rfe1 Re7 21. Qd2 Ra6
22. h3 Rxe1+ 23. Rxe1 Bf8 24. Kh2 Qb8 25. Be5 Qb6 26. d6 cxd6 27. Bxf6 gxf6 28.
Nd5 Qd8 29. Qf4 f5 30. h4 Be6 31. Nb4 Rb6 32. Bd5 Qf6 33. Qe3 Rb8 34. Bxe6 fxe6
35. Qxe6+ Qxe6 36. Rxe6 Kf7 37. Re2 Re8 38. Rd2 Re5 39. Kg2 Ke6 40. Nc6 Rc5 41.
Nd4+ Kd7 42. Nc2 Bg7 43. Nb4 Ke6 44. f4 d5 45. Na6 Rc8 46. Nb4 d4 47. Re2+ Kd6
48. Kf3 d3 49. Rd2 Kc5 50. g4 fxg4+ 51. Kxg4 Kd4 52. Kf3 Re8 53. Nc2+ Kc5 54.
Nb4 Bd4 55. f5 Re3+ 56. Kf4 Rh3 57. Kg4 Rh1 58. Kh5 Be3 59. Nxd3+ Kb6 60. Nf2
Rh2 61. Rd6+ Kc5 62. Ne4# 1-0

[Event "PRO League Group Stage"]
[Site "chess.com INT"]
[Date "2019.02.27"]
[Round "8"]
[White "Nguyen, Emily"]
[Black "Zierk, Steven"]
[Result "0-1"]
[WhiteTitle "WIM"]
[BlackTitle "GM"]
[WhiteElo "2262"]
[BlackElo "2510"]
[WhiteTeam "Dallas Destiny"]
[BlackTeam "San Francisco Mechanics"]
[WhiteFideId "2054000"]
[BlackFideId "2034255"]
[EventDate "2019.01.08"]

1. d4 d5 2. c4 dxc4 3. Nf3 Nf6 4. e3 e6 5. Bxc4 c5 6. O-O a6 7. b3 b5 8. Be2
cxd4 9. Nxd4 Bb7 10. Bb2 Nbd7 11. Nd2 Bd6 12. a4 b4 13. Nc4 Bc7 14. Bf3 Rb8 15.
Bxb7 Rxb7 16. Nc6 Qc8 17. Nd6+ Bxd6 18. Qxd6 Nd5 19. Rfd1 N7f6 20. Bxf6 gxf6 21.
e4 Rd7 22. Qc5 Nc3 23. Rxd7 Kxd7 24. Qxb4 Qxc6 25. Qd4+ Ke7 26. Qb4+ Kd7 27.
Qd4+ Kc8 28. Qxf6 Rd8 29. Qxf7 Qxe4 30. Qa7 Qc6 31. b4 Ne2+ 32. Kh1 Nc1 33. h3
Rd1+ 34. Kh2 Qd6+ 35. g3 Qc6 36. g4 Rh1+ 37. Kg3 Ne2+ 38. Kh4 Rxa1 39. Qxh7 Qc7
40. Qe4 Qd8+ 41. g5 Qd4 0-1

[Event "PRO League Group Stage"]
[Site "chess.com INT"]
[Date "2019.02.27"]
[Round "8"]
[White "Moradiabadi, Elshan"]
[Black "Chirila, Ioan-Cristian"]
[Result "0-1"]
[WhiteTitle "GM"]
[BlackTitle "GM"]
[WhiteElo "2546"]
[BlackElo "2566"]
[WhiteTeam "Montclair Sopranos"]
[BlackTeam "San Jose Hackers"]
[WhiteFideId "12501255"]
[BlackFideId "1211668"]
[EventDate "2019.01.08"]

1. e4 e5 2. Nf3 Nc6 3. Bb5 a6 4. Ba4 Nf6 5. O-O Be7 6. Re1 b5 7. Bb3 d6 8. a4 b4
9. d3 O-O 10. h3 Na5 11. Ba2 c5 12. Bg5 Be6 13. Bxf6 Bxf6 14. Nbd2 Bxa2 15. Rxa2
d5 16. b3 g6 17. Qe2 Re8 18. Raa1 Bg7 19. Rad1 Qd7 20. Nf1 Nc6 21. Ne3 Ne7 22.
Ng4 Qd6 23. Qd2 f5 24. Nh6+ Kf8 25. Qg5 Bf6 26. Qg3 f4 27. Qg4 Kg7 28. Ng5 Rf8
29. Qh4 Bxg5 30. Qxg5 Rae8 31. Ng4 Ng8 32. exd5 Rf5 33. h4 h6 34. Qxf5 gxf5 35.
Nh2 Nf6 36. Nf3 Nxd5 37. d4 Nc3 38. Rd2 cxd4 39. Nxd4 Qf6 40. h5 Qf7 41. Nc6 e4
42. Nxb4 Qxh5 43. Rd7+ Kh8 44. Rc7 Ne2+ 45. Kf1 f3 0-1

[Event "PRO League Group Stage"]
[Site "chess.com INT"]
[Date "2019.02.27"]
[Round "8"]
[White "Khachiyan, Melikset"]
[Black "Ravuri, Vinesh"]
[Result "1-0"]
[WhiteTitle "GM"]
[WhiteElo "2509"]
[BlackElo "2042"]
[WhiteTeam "San Diego Surfers"]
[BlackTeam "San Jose Hackers"]
[WhiteFideId "13300512"]
[BlackFideId "45042632"]
[EventDate "2019.01.08"]

1. Nf3 Nf6 2. g3 g6 3. Bg2 Bg7 4. O-O O-O 5. d4 d6 6. c4 c6 7. Nc3 Qa5 8. e4 e5
9. d5 cxd5 10. cxd5 b5 11. Nd2 b4 12. Ne2 Ba6 13. Re1 Nbd7 14. Nb3 Qd8 15. Bd2
Rb8 16. a3 bxa3 17. Rxa3 Bc4 18. Na5 Bxe2 19. Rxe2 Rxb2 20. Nc4 Rb8 21. Rxa7 Qc8
22. Qc1 Rb7 23. Rxb7 Qxb7 24. Be3 Qa6 25. f3 Rb8 26. Bf1 Bf8 27. Rb2 Rc8 28. Rc2
Qa4 29. Rc3 Qa2 30. Ra3 1-0

[Event "PRO League Group Stage"]
[Site "chess.com INT"]
[Date "2019.02.27"]
[Round "8"]
[White "Mamedyarov, Shakhriyar"]
[Black "Bryant, John Daniel"]
[Result "1-0"]
[WhiteTitle "GM"]
[BlackTitle "IM"]
[WhiteElo "2817"]
[BlackElo "2449"]
[WhiteTeam "San Jose Hackers"]
[BlackTeam "San Diego Surfers"]
[WhiteFideId "13401319"]
[BlackFideId "2031280"]
[EventDate "2019.01.08"]

1. d4 g6 2. Nf3 Nf6 3. g3 Bg7 4. Bg2 O-O 5. O-O d5 6. c4 c6 7. cxd5 cxd5 8. Ne5
Ne4 9. Nd2 Nc6 10. Nxc6 bxc6 11. e3 Nxd2 12. Bxd2 e5 13. Bc3 e4 14. Rc1 Bd7 15.
Bb4 Re8 16. Qd2 h5 17. h4 Qf6 18. f4 exf3 19. Rxf3 Qd8 20. Rcf1 Be6 21. Kh2 Qd7
22. Bc5 Bh6 23. Rf6 Rab8 24. b4 Rb7 25. a3 Bg7 26. R6f3 Bg4 27. Rxf7 Qxf7 28.
Rxf7 Rxf7 29. b5 Bh6 30. bxc6 Rxe3 31. Bd6 Kh7 32. c7 Rf6 33. Bf4 Bxf4 34. gxf4
Re7 35. Qc2 Rf8 36. Qc5 Rfe8 37. f5 Bxf5 38. Bxd5 Re2+ 39. Kg3 Rc2 40. Qd6 Rc8
41. Bc6 Kh6 42. d5 Rc4 43. Qe7 Rc3+ 44. Kf2 Rc4 45. a4 a5 46. Qe5 Kh7 47. Qe7+
Kh6 48. Qd6 Rc3 49. Ke2 Rc4 50. Kd2 Rc2+ 51. Ke3 Rc4 52. Ke2 Rc3 53. Kd1 Rc4 54.
Qe5 Kh7 55. Qg3 Kh6 56. Kd2 Kh7 57. Qe5 Rc2+ 58. Kd1 Rc4 59. Qd6 Kh6 60. Qe7
Bg4+ 61. Kd2 Bf5 62. Qd8 Rc2+ 63. Ke3 Rc4 64. Kf3 Bg4+ 65. Kf2 Bf5 66. Ke3 Rc1
67. Kd4 Rc2 68. Ke5 1-0

[Event "PRO League Group Stage"]
[Site "chess.com INT"]
[Date "2019.02.27"]
[Round "8"]
[White "Izoria, Zviad"]
[Black "Hilby, Craig"]
[Result "1-0"]
[WhiteTitle "GM"]
[BlackTitle "IM"]
[WhiteElo "2603"]
[BlackElo "2445"]
[WhiteTeam "San Jose Hackers"]
[BlackTeam "San Diego Surfers"]
[WhiteFideId "13601733"]
[BlackFideId "2062674"]
[EventDate "2019.01.08"]

1. Nf3 Nf6 2. c4 c5 3. g3 d5 4. Bg2 Nc6 5. O-O e5 6. Qa4 Bd7 7. cxd5 Nxd5 8.
Nxe5 Nxe5 9. Qe4 Bd6 10. Qxd5 Bc6 11. Qb3 O-O 12. Bxc6 Nxc6 13. Qxb7 Nd4 14. Nc3
Rb8 15. Qd5 Qe7 16. d3 Be5 17. Rb1 Rfd8 18. Qe4 f5 19. Bg5 Qe6 20. Qe3 Re8 21.
f4 Bd6 22. Qxe6+ Nxe6 23. Bh4 h6 24. e4 Rf8 25. exf5 Rxf5 26. Ne4 Bc7 27. b3 Kf7
28. Rbe1 Rb4 29. h3 Rd4 30. g4 Rxf4 31. Bg3 Rxf1+ 32. Rxf1+ Ke7 33. Bxc7 Nxc7
34. Nxc5 Rd5 35. Rc1 Ne6 36. Nxe6 Kxe6 37. Rc3 Ke5 38. Kf2 Kd4 39. Rc7 a5 40.
Ke2 Rg5 41. Rc4+ Kd5 42. Ke3 h5 43. d4 Kd6 44. Rc5 Rxc5 45. dxc5+ Kxc5 46. a3
hxg4 47. hxg4 Kd5 48. Kf4 Kd4 49. Kf5 Kc3 50. b4 a4 51. b5 1-0

[Event "PRO League Group Stage"]
[Site "chess.com INT"]
[Date "2019.02.27"]
[Round "8"]
[White "Mikhalevski, Victor"]
[Black "Corrales Jimenez, Fidel"]
[Result "1-0"]
[WhiteTitle "GM"]
[BlackTitle "GM"]
[WhiteElo "2581"]
[BlackElo "2559"]
[WhiteTeam "Seattle Sluggers"]
[BlackTeam "Minnesota Blizzard"]
[WhiteFideId "2801914"]
[BlackFideId "3506690"]
[EventDate "2019.01.08"]

1. d4 Nf6 2. Nf3 g6 3. g3 Bg7 4. Bg2 O-O 5. O-O d5 6. c4 c6 7. Qb3 a5 8. Na3 a4
9. Qd1 dxc4 10. Nxc4 Be6 11. Nce5 Bd5 12. Bf4 Nbd7 13. Qc1 Qb6 14. Bh6 Nxe5 15.
dxe5 Nd7 16. Bxg7 Kxg7 17. Qc3 Qa5 18. Qd4 Bxf3 19. exf3 Qd5 20. Rad1 Qxd4 21.
Rxd4 Nc5 22. Rc1 Ra5 23. f4 Rc8 24. Bf3 Kf8 25. Rdc4 b6 26. Rd4 Ne6 27. Rb4 b5
28. Rxc6 Rd8 29. Bg4 Nd4 30. Rc3 h5 31. Rd3 Nf3+ 32. Rxf3 hxg4 33. Rc3 Rd5 34.
Rc8+ Kg7 35. Rb8 a3 36. bxa3 Rxa3 37. Rb2 Rc3 38. Kg2 Rc1 39. h3 gxh3+ 40. Kxh3
Rcc5 41. Rb7 e6 42. Kg4 Rc4 43. R7xb5 Rxb5 44. Rxb5 Rc2 45. a4 Rxf2 46. Rb7 Ra2
47. Ra7 Ra3 48. a5 Ra4 49. a6 Ra3 50. Ra8 Kh7 51. Kh3 Kg7 52. Kg2 Kh7 53. g4 g5
54. fxg5 Kg7 55. Kf2 Ra5 56. a7 Kh7 57. Kf3 Kg7 58. Ke4 Ra1 59. Kd4 Ra2 60. Kc5
Ra1 61. g6 fxg6 62. g5 Ra2 63. Kb6 Rb2+ 64. Kc6 Ra2 65. Rd8 Rxa7 66. Rd7+ Rxd7
67. Kxd7 Kf7 68. Kd6 1-0